| 000 | 00823nam a22002417i 4500 | ||
|---|---|---|---|
| 003 | DO-SdBNP | ||
| 005 | 20250623094806.0 | ||
| 007 | ta | ||
| 008 | 250523b2003 |||||||| |||| 00| 0 spa d | ||
| 040 |
_aDO-SdBNP _bspa _cBNPHU _erda |
||
| 041 | _hspa | ||
| 082 |
_axxx _bR426p _222 |
||
| 110 |
_aRepública Dominicana. _bSecretaría de Estado de Educación, Subsecretaria de Supervisión y Control de Calidad _9607 |
||
| 245 | 1 |
_aPruebas Nacionales 2003 primera convocatoria : _bsíntesis nacional, regional y distrital |
|
| 264 |
_aSanto Domingo : _bSecretaría de Estado de Educación, _c2003 |
||
| 300 |
_a22 páginas ; _c27 cm |
||
| 336 |
_ardacontent _btexto _2txt |
||
| 337 |
_ardamedia _bsin mediación _2n |
||
| 338 |
_ardacarrier _bvolumen _2nc |
||
| 590 | _aInventariado, 2025/DG | ||
| 910 | _aDG | ||
| 942 |
_2ddc _cLF2 |
||
| 999 |
_c59357 _d59357 |
||